00798nas a2200229Ia 4500001001100000003000900011008004100020040001300061040001300074041001300087100004400100210002000144222002000164245006300184250001100247260002900258501008600287300001700373362003300390500010900423650003600532R012/42606IT-RoPAU151124c99999999xx |||||||||||| ||und|| aIT-RoPAU cIT-RoPAU aITALIANO aSocci StefanogCodice Aut. SPICS: 21319 aCINEMA & CINEMA aCinema & Cinema aCINEMA & CINEMA, ANNO 13-N.45 (GIUGNO 1986)bFotoromantica a1a ed. aMILANObINTRAPRESAc1986 bPaulus - SPICS - Società San Paolo EM (non-commercial uses only)cCopyright2015 a2 p. [39-40] aANNO 013, N.45 (GIUGNO 1986) aDagli Appennini Alle Ande di Folco Quilici. Immagine della Madre. Fantasmadel Bello nel Cinema Italiano. aCINEMAvPUBBLICAZIONE PERIODICA